Erkekliğin Türkiye halleri / (Record no. 12720)

MARC details
000 -BAŞLIK
Sabit Uzunlukta Kontrol Alanı 00828nam a22002417a 4500
999 ## - SİSTEM KONTROL NUMARALARI (KOHA)
Koha Biblionumber 12720
Koha Biblioitemnumber 12720
003 - KONTROL NUMARASI IDENTIFIER
Denetim Alanı MIRAKIL
005 - SON İŞLEM TARİHİ VE ZAMANI
Denetim Alanı 20190208165108.0
008 - SABİT-BOY VERİ ELEMANLARI - GENEL BİLGİLER
Sabit Uzunlukta Kontrol Alanı 190208b tu ||||| |||| 00| 0 tur d
020 ## - ULUSLARARASI STANDART KİTAP NUMARASI
Uluslararası Standart Kitap Numarası 9786053994671
040 ## - KATALOGLAMA KAYNAK
Orijinal Kataloglama Ajansı TR-AnCHP
Metne Dönüştürmek Ajansı TR-AnCHP
041 ## - DİL KODU
Metin / Ses Parça Veya Ayrı Başlığın Dil Kodu tur
082 ## - DEWEY ONLU SINIFLANDIRMA NUMARASI
Sınıflandırma Numarası 305.31
Ürün Numarası B66e 2017
100 ## - ANA GİRİŞ - KİŞİSEL İSİM
Kişisel Ad Boratav, Hale Bolak
245 10 - BAŞLIK TABLOSU
Başlık Erkekliğin Türkiye halleri /
Sorumluluk Tablosu, Vb Hale Bolak Boratav, Güler Okman Fişek, Hande Eslen Ziya
260 ## - YAYIN, DAĞITIM, VB
Yayın, Dağıtım, Vb Yeri İstanbul:
Yayıncı, Dağıtıcı, Vs Adı İstanbul Bilgi Üniversitesi Yayınları,
Yayın, Dağıtım, Vb Tarihi 2017.
300 ## - FİZİKSEL TANIM
Kapsam xviii, 460 s:
Diğer Fiziksel Ayrıntıları tbl.,
Boyutlar 23 sm.
490 0# - SERİSİ TABLOSU
Seri Beyanı İstanbul Bilgi Üniversitesi Yayınları ;
-- Araştırma ;
Hacim / Ardışık Tanımı 577.
-- 9.
504 ## - KAYNAKÇA VB NOT
Kaynakça Vb Notu Kaynakça ve dizin vardır.
650 #0 - KONU KATMA GİRİŞ - TOPİKAL DÖNEM
9 (RLIN) 5168
Topikal Süreli Veya Coğrafi Ad Giriş Elemanı Erkeklik
Genel Alt Bölümü Türkiye
Coğrafi Alt Bölümü Tarih
700 ## - KATMA GİRİŞ - KİŞİSEL İSİM
9 (RLIN) 5169
Kişisel Ad Fişek, Güler Okman
700 ## - KATMA GİRİŞ - KİŞİSEL İSİM
9 (RLIN) 5170
Kişisel Ad Ziya, Hande Eslen
942 ## - EKLENDİ GİRİŞ ELEMANLARI (KOHA)
Sınıflandırma Veya Raf Düzeni Kaynak Dewey Decimal Classification
Koha Öğesi Türü Books
Holdings
Kalıcı Konum Mevcut Konum Edinme Tarihi Edinim Kaynak Toplam Check-Out'Lar Tam Çağrı Numarası Barkod Tarih Son Görülme İtibaren Geçerli Fiyatlar Sigara Kamu Notu Koha Öğesi Türü
CHP Kütüphanesi CHP Kütüphanesi 02/08/2019 Bağış   305.31 B66e 2017 018830 02/08/2019 02/08/2019 Kemal Kılıçdaroğlu bağışıdır. Books